<Die> Transformation nationaler Politik Estes Mitteleuropa-Forum
Salvato in:
| Enti autori: | , |
|---|---|
| Natura: | Libro |
| Lingua: | tedesco |
| Pubblicazione: |
Berlin
DGAP-Schriften zur national Politik
2005
|
| Soggetti: | |
| Tags: |
Nessun Tag, puoi essere il primo ad aggiungerne!!
|
MARC
| LEADER | 00000nlm$a2200000$$$4500 | ||
|---|---|---|---|
| 001 | 0060663 | ||
| 005 | 20251007124658.0 | ||
| 020 | |a 3-9810553-1-4 | ||
| 041 | 0 | |a ger | |
| 044 | |a DE | ||
| 245 | 1 | 0 | |a <Die> Transformation nationaler Politik |b Estes Mitteleuropa-Forum |c Cyrus Salimi-Asl, Eric Wrasse und Gereon Schuch (Hrsg.) |
| 264 | 1 | |a Berlin |b DGAP-Schriften zur national Politik |c 2005 | |
| 300 | |a CD-ROM | ||
| 610 | 2 | 0 | |a politika hospodárska |
| 610 | 2 | 0 | |a transformácia |
| 610 | 2 | 0 | |a reformy hospodárske |
| 610 | 2 | 0 | |a stredná Európa |
| 110 | 2 | |a <Die> Transformation nationaler Politik. Estes Mitteleuropa-Forum | |
| 710 | 2 | |a DGAP-Schriften zur national Politik | |